书目信息 |
| 题名: |
代理冲突及其制度渊源、事务所规模与审计质量= Agent conflicts and its institutional origins, audit firm size and audit quality
|
|
| 作者: | 吴昊旻, 著 | |
| 分册: | ||
| 出版信息: | 北京 经济管理出版社 2016.01 |
|
| 页数: | 164页 | |
| 开本: | 25cm | |
| 丛书名: | 经济管理学术文库 | |
| 单 册: | ||
| 中图分类: | F239.65 | |
| 科图分类: | ||
| 主题词: | 上市公司--shang shi gong si--审计--研究--中国 | |
| 电子资源: | ||
| ISBN: | 978-7-5096-3986-3 | |
| 000 | 01813nam 2200313 450 | |
| 001 | 0100195299 | |
| 005 | 20201116165018.12 | |
| 010 | @a978-7-5096-3986-3@dCNY48.00 | |
| 100 | @a20160111d2016 em y0chiy50 ea | |
| 101 | 0 | @achi |
| 102 | @aCN@b110000 | |
| 105 | @aak a 000yy | |
| 106 | @ar | |
| 200 | 1 | @a 代理冲突及其制度渊源、事务所规模与审计质量= Agent conflicts and its institutional origins, audit firm size and audit quality@Adai li chong tu ji qi zhi du yuan yuan、shi wu suo gui mo yu shen ji zhi liang=Agent conflicts and its institutional origins,audit firm size and audit quality@d= Agent conflicts and its institutional, audit firm size and audit quality: evidence from China@f吴昊旻著@Fwu hao min zhu@zeng |
| 210 | @a北京@c经济管理出版社@d2016.01 | |
| 215 | @a164页@c图@d25cm | |
| 225 | 2 | @a经济管理学术文库@Ajing ji guan li xue shu wen ku@i管理类 |
| 300 | @a教育部人文社会科学研究青年项目 (10YJC790279) 的结题成果 石河子大学“中西部高校综合实力提升工程”重点建设项目、石河子大学“211建设一流学科”项目资助 | |
| 320 | @a有书目 (第147-162页) | |
| 330 | @a本书在我国政府推动主导的会计师事务所做大做强战略的政策背景之下, 从企业代理冲突及其制度渊源的宏微观角度, 多维而系统地考察了事务所“规模—质量”关联以及事务所规模何以才能发挥其正向保障效应的环境前提, 试图为我国目前或坚持已久的由政府而非市场推动主导的事务所规模扩张战略提供借鉴与反思。 | |
| 410 | 0 | @12001 @a经济管理学术文库@i管理类 |
| 510 | 1 | @aAgent conflicts and its institutional, audit firm size and audit quality: evidence from China@zeng |
| 540 | @a代理冲突及其制度渊源、事务所规模与审计质量 | |
| 606 | 0 | @a上市公司@Ashang shi gong si@x审计@x研究@y中国 |
| 690 | @aF239.65@v5 | |
| 701 | 0 | @a吴昊旻,@Awu hao min@f1977-@4著 |
| 801 | @aCN | |
| 901 | @a21 | |
| 905 | @a河南城建学院图书馆@b1294295-7@dF239.65@eW796@f3 | |
| 代理冲突及其制度渊源、事务所规模与审计质量= Agent conflicts and its institutional origins, audit firm size and audit quality= Agent conflicts and its institutional, audit firm size and audit quality: evidence from China/吴昊旻著.-北京:经济管理出版社,2016.01 |
| 164页:图;25cm.-(经济管理学术文库.管理类) |
| 教育部人文社会科学研究青年项目 (10YJC790279) 的结题成果 石河子大学“中西部高校综合实力提升工程”重点建设项目、石河子大学“211建设一流学科”项目资助 |
| ISBN 978-7-5096-3986-3:CNY48.00 |
| 本书在我国政府推动主导的会计师事务所做大做强战略的政策背景之下, 从企业代理冲突及其制度渊源的宏微观角度, 多维而系统地考察了事务所“规模—质量”关联以及事务所规模何以才能发挥其正向保障效应的环境前提, 试图为我国目前或坚持已久的由政府而非市场推动主导的事务所规模扩张战略提供借鉴与反思。 |
| ● |
| 相关链接 |
|
|
|
正题名:代理冲突及其制度渊源、事务所规模与审计
索取号:F239.65/W796
 
预约/预借
| 序号 | 登录号 | 条形码 | 馆藏地/架位号 | 状态 | 备注 |
| 1 | 1294295 | 212942952 | 社科库409/409社科库 79排1列1层/ [索取号:F239.65/W796] | 在馆 | |
| 2 | 1294296 | 212942969 | 社科库409/409社科库 79排1列1层/ [索取号:F239.65/W796] | 在馆 | |
| 3 | 1294297 | 212942976 | 社科库409/409社科库 79排1列1层/ [索取号:F239.65/W796] | 在馆 |